Vida de Jesús en el país y pueblo de Israel, La / [por] Francisco Miguel William ; tr. por José Solá

Gardado en:
Detalles Bibliográficos
Autor Principal: William, Francisco Miguel (autor)
Formato: Libro
Edición:6a edición
Temas:
Etiquetas: Engadir etiqueta
Sen Etiquetas, Sexa o primeiro en etiquetar este rexistro!

MARC

LEADER 00000nam^a2200000^u^4500
001 000544298
005 20250521000000.0
008 060220s1000^^^^^^^^^^^^r^^^^^000^0^spa^d
009 20260310131324.873
035 |a FMI 000013434 
037 |a Acervo Xavier Clavigero 
096 |a 5.1.2/22/C 
100 |a William, Francisco Miguel  |e (autor) 
245 1 0 |a Vida de Jesús en el país y pueblo de Israel, La / [por] Francisco Miguel William ; tr. por José Solá 
250 |a 6a edición 
264 |a Madrid : Espasa-Calpe, 1964 
300 |a 574 p. 
336 |a texto  |b txt  |2 rdacontenido 
337 |a sin mediación  |b n  |2 rdamedio 
338 |a volumen  |b nc  |2 rdasoporte 
597 |a Trad. del alemán ("Das Leben Jesu im Lande und volke Israel"). 
649 |a XX 
650 |a VIDAS DE CRISTO 
910 |a Fondo Francisco Migoya Covarrubias S.J. 
920 |a Impresos - Libros 
930 |a Fondos Especiales 
905 |a 134 
901 |a SBC15708  |b IT2  |c ESP  |u 20250521 
902 |a https://opac.biblio.iteso.mx/vufind/Record/000544298